| 000 | 00746nam a2200229 a 4500 | ||
|---|---|---|---|
| 001 | 48987 | ||
| 003 | BD-RjUL | ||
| 005 | 20211209054622.0 | ||
| 008 | 160817s1965 bg ||||| |||| 00| 0 ben d | ||
| 020 | _c: Tk.2.50 | ||
| 035 | _a(BD-RjUL)49106 | ||
| 040 |
_aBD-RjUL _bben _cBD-RjUL _dBD-RjUL |
||
| 041 | _aben | ||
| 082 |
_223 _a891.441 _bBOD 1965 |
||
| 100 |
_aবর্মণ, মনোমোহন _9147476 |
||
| 245 | 1 | 0 |
_aদীঘল ঘুমের শেষে / _cমনোমোহন বর্মণ |
| 260 |
_aঢাকা : _bভারতী-ভবন, _c১৯৬৫ |
||
| 300 |
_a৫৬ পৃ. ; _c২১ সেমি. |
||
| 650 |
_aবাংলা কবিতা _9147477 |
||
| 650 |
_aBengali poetry _9147478 |
||
| 942 |
_2ddc _cBK |
||
| 999 |
_c48987 _d48987 |
||